[Event "Open B Condom 2008"]
[Site "Condom"]
[Date "????.??.??"]
[Round "5.5"]
[White "Le Hetet, Jacques"]
[Black "Castellani, Florent"]
[Result "1/2-1/2"]
[WhiteElo "1646"]
[BlackElo "1720"]
[PlyCount "31"]

1. Nf3 Nf6 2. g3 g6 3. Bg2 Bg7 4. c3 c5 5. d3 d5 6. Nbd2 O-O 7. O-O Nc6 8. h3
e5 9. Qc2 Re8 10. e4 b6 11. exd5 Nxd5 12. Nc4 Be6 13. Ng5 Bf5 14. Ne4 Qd7 15.
Kh2 Nf6 16. Ned6 1/2-1/2

[Event "Open B Condom 2008"]
[Site "Condom"]
[Date "????.??.??"]
[Round "5.6"]
[White "Somerville, Quentin"]
[Black "Moissidis, Monika"]
[Result "1/2-1/2"]
[WhiteElo "1640"]
[BlackElo "1707"]
[PlyCount "39"]

1. e4 c5 2. Nf3 d6 3. d4 cxd4 4. Nxd4 Nf6 5. Nc3 a6 6. f3 e6 7. Be3 Be7 8. Qd2
O-O 9. O-O-O Qc7 10. g4 Nbd7 11. g5 Nh5 12. Nde2 Ne5 13. Ng3 Nxg3 14. hxg3 Nxf3
15. Qe2 Nxg5 16. Qh5 h6 17. Bd3 b5 18. e5 d5 19. Bxg5 Bxg5+ 20. Qxg5 1/2-1/2

[Event "Open B Condom 2008"]
[Site "Condom"]
[Date "????.??.??"]
[Round "5.10"]
[White "Richard, Michel"]
[Black "Le Gall, Louis"]
[Result "1/2-1/2"]
[WhiteElo "1450"]
[BlackElo "1633"]
[PlyCount "75"]

1. d4 e6 2. c4 f5 3. Nf3 Nf6 4. Nc3 Be7 5. Bg5 O-O 6. Bxf6 Bxf6 7. e3 c6 8. Rc1
d6 9. Bd3 e5 10. dxe5 dxe5 11. e4 f4 12. O-O Qe8 13. h3 Qg6 14. Nh2 Bxh3 15.
Qf3 Be6 16. Ne2 Nd7 17. b4 c5 18. Rb1 b6 19. Rfd1 Be7 20. b5 h6 21. Nc3 Nf6 22.
Nd5 Bd8 23. Nxf4 exf4 24. e5 Qh5 25. Qxa8 Ng4 26. Nxg4 Bxg4 27. Bh7+ Kxh7 28.
Rxd8 Rxd8 29. Qxd8 Qxe5 30. Qd5 Qe2 31. Ra1 Be6 32. Qb7 Bxc4 33. Qxa7 Qe6 34.
a4 Bd5 35. Rd1 Qe4 36. Rxd5 Qxd5 37. Qxb6 c4 38. Qc6 1/2-1/2

[Event "Open B Condom 2008"]
[Site "Condom"]
[Date "????.??.??"]
[Round "5.14"]
[White "Sadones, Thibault"]
[Black "Chabane, Jerome"]
[Result "1-0"]
[WhiteElo "1600"]
[BlackElo "1280"]
[PlyCount "44"]

1. e4 e5 2. Nf3 Nf6 3. Nxe5 d6 4. Nf3 Nxe4 5. Qe2 Qe7 6. d3 Nf6 7. Bg5 Qxe2+ 8.
Bxe2 Be7 9. Nc3 c6 10. Kd2 b5 11. a3 O-O 12. Nd4 Bd7 13. Bf3 a6 14. Rhe1 Re8
15. Re2 Kf8 16. Rae1 h6 17. Bf4 Ra7 18. Rxe7 Kg8 19. Bxd6 Ra8 20. Rxe8+ Nxe8
21. Bxb8 Rxb8 22. Nxc6 Rd8 1-0

[Event "Open B Condom 2008"]
[Site "Condom"]
[Date "????.??.??"]
[Round "5.1"]
[White "Bigonnet, Jean-Michel"]
[Black "Utrera, Ludovic"]
[Result "1-0"]
[WhiteElo "1795"]
[BlackElo "1795"]
[PlyCount "39"]

1. e4 c5 2. Nf3 e6 3. c3 d5 4. e5 Nc6 5. d4 Qb6 6. Be2 cxd4 7. cxd4 Bb4+ 8. Nc3
Nge7 9. a3 Bxc3+ 10. bxc3 Bd7 11. Be3 Rb8 12. O-O O-O 13. Bd3 Nf5 14. Bg5 h6
15. Bf4 Na5 16. Bxf5 exf5 17. e6 Bb5 18. exf7+ Rxf7 19. Bxb8 Bxf1 20. Qxf1 1-0